Δυσλεξία / Αριστεροχειρία, Κινητική Αδεξιότητα, Υπερκινητικότητα / Θεωρία και Διάγνωση και Αντιμετώπιση με Ειδικές Ασκήσεις (Record no. 9032)
[ view plain ]
| 000 -LEADER | |
|---|---|
| fixed length control field | 01796cam a22002054a 4500 |
| 005 - ΗΜΕΡΟΜΗΝΙΑ ΚΑΙ ΩΡΑ ΤΕΛΕΥΤΑΙΑΣ ΕΝΗΜΕΡΩΣΗΣ | |
| Πεδίο ελέγχου | 20250605164352.0 |
| 008 - FIXED-LENGTH DATA ELEMENTS--GENERAL INFORMATION | |
| Πεδίο ελέγχου σταθερού μήκους | 250528s ||||||||||||||||||||||||d |
| 035 ## - SYSTEM CONTROL NUMBER | |
| System control number | 24134 |
| 020 ## - ISBN | |
| ISBN | 9607019938 |
| 040 ## - ΠΗΓΗ ΚΑΤΑΛΟΓΟΓΡΑΦΗΣΗΣ | |
| Φορέας πρωτότυπης καταλογογράφησης | MC Athens Campus Library |
| Γλώσσα καταλογογράφησης | Ελληνικά, Μοντέρνα (1453-) |
| Modifying agency | MC Athens Campus Library |
| Κανόνες περιγραφικής καταλογογράφησης | AACR2 |
| 245 1# - ΤΙΤΛΟΣ ΚΑΙ ΔΗΛΩΣΗ ΥΠΕΥΘΥΝΟΤΗΤΑΣ | |
| Τίτλος | Δυσλεξία / Αριστεροχειρία, Κινητική Αδεξιότητα, Υπερκινητικότητα / Θεωρία και Διάγνωση και Αντιμετώπιση με Ειδικές Ασκήσεις |
| 250 ## - EDITION STATEMENT | |
| Edition statement | 4η |
| 260 ## - PUBLICATION, DISTRIBUTION, ETC. | |
| Place of publication, distribution, etc. | Αθήνα |
| Name of publisher, distributor, etc. | Ελληνικά Γράμματα, |
| Date of publication, distribution, etc. | 1998 |
| 300 ## - PHYSICAL DESCRIPTION | |
| Extent | 240 |
| 520 ## - SUMMARY, ETC. | |
| Summary, etc. | Πρόλογος, Θεωρητική Διάσταση, Εισαγωγή στη Θεωρία, Γύρω από τη Δυσλεξία, Αίτια της Δυσλεξίας, Ευρωπαϊκό Συνέδριο Δυσλεξίας 1990 - Συμπεράσματα, Ψυχολογική Διάσταση της Διάγνωσης - Επισημάνσεις και Βήματα, Αντιμετώπιση, Επιμέρους Τομείς Ανάπτυξης, Υπερκινητικότητα ή Υπερκινητικό Σύνδρομο, Κινητική Αδεξιότητα ή Ελλιπής Κινητικός Συντονισμός, Αριστεροχειρία, Ανάπτυξη Ικανότητας Ανάγνωσης και Δυσλεξία στην Πρωτοβάθμια Εκπαίδευση, Δυσλεξία στην Δευτεροβάθμια Εκπαίδευση, Δυσλεξία στην Ξένη Γλώσσα, Κατάλογος Ιατροπαιδαγωγικών Κέντρων του Υπουργείου Υγείας και Πρόνοιας, Βιβλιογραφία. |
| 700 1# - ΠΡΟΣΘΕΤΗ ΑΝΑΓΡΑΦΗ--ΦΥΣΙΚΟ ΠΡΟΣΩΠΟ | |
| Personal name | Μάρκου Σπύρος Ν |
| 9 (RLIN) | 9396 |
| 942 ## - ADDED ENTRY ELEMENTS (KOHA) | |
| Koha item type | Books |
| Τύπος τεκμηρίου | Βιβλιοθήκη | Τρέχουσα τοποθεσία | Barcode | Αριθμός εισαγωγής | Ημερομηνία απόκτησης | Ταξιθετικό σύμβολο | Αριθμός αντιτύπου | Κατάσταση απόσυρσης | Κατάσταση χαμένου | Κατάσταση κατεστραμμένου | Μη δανεισμός | Σύνολο δανεισμών | Ημερομηνία τελευταίας εμφάνισης | Η τιμή ισχύει από |
|---|---|---|---|---|---|---|---|---|---|---|---|---|---|---|
| Books | MC Athens Campus Library | MC Athens Campus Library | 9780000090317 | 7721 | 371.9144 MAR | 1 | 05/06/2025 | 05/06/2025 |